000
00342nam a2200145Ia 4500
008
150201s1998 xx 000 0 und d
082
_a
610
_b
H1998B
100
_a
BARBARA J.BAIN
245
_a
HAEMATOLOGY
250
_a
1ST
260
_b
CHURCHILL LIVINGSTONE
_a
EDINBURGH
_c
1998
300
_a
1-109
650
_a
HAEMATOLOGY
942
_2
ddc
_c
BK
999
_c
2759
_d
2759